000 00445cam a2200169ua 4500
003 OSt
008 240213b |||||||| |||| 00| 0 eng d
020 _a81-7629-242-7
041 _aeng
082 _a635.01
_bSHA/HO
100 _aSharma, V K .
_96011
245 _aHortculture technology,Vol-1 Production /
260 _aNewdelhi :
_bDeep and deep publications ,
_c2000.
300 _a467 ; .
700 1 _aAzad, K C .
_96012
942 _cBK
999 _c11194
_d11194